Statistiques concernant Quiz Harry potter Facile

Cliquez ici pour prendre le quiz!

Statistiques générales

  • Ce quiz a été pris 92 fois
  • Le résultat moyen est 9 sur 15

Statistiques - réponses

QuestionRéponse% Correct
Combien de point rapporte le vif d'or150
85%
Quel est le métier des parents de HermioneDentiste
85%
Que retrouve t'on dans le jardin des WeasleyDes gnomes de jardins
73%
Comment s'appelle l'esprit frappeurPeeves
71%
Quel est le métier de l'oncle VernonPatron d'une entreprise de perceuse
68%
Avec qui harry va au bal dans le film numéro 4Parvati
67%
Nom de l'elfe de maison des CrouptonWinky
64%
Comment s'appelle l'autre marchant de baguetteGregorovitch
61%
Comment s'appelle l'hopital des sorciersHopital Sainte Mangouste
61%
Combien de prénom à Dumbledore4
60%
Quelle est la pire note qu'on peut obtenir au B.U.S.ETroll
60%
Combien de frère a Ron5
49%
Mot de passe salle commune premier filmCaput draconis
48%
A quelle page peut t'on trouver le chapitre sur les loups garou (Hp 3)394
40%
Et pour finir attention question dure : Comment s'appele la potion qui force les gens a dire la vériteVéritasserum
6%

Distribution des résultats

Percentile par nombre de réponses

% des personnes avec chaque résultat

Votre développement - résultats

Vous n’avez pas pris ce quiz